| 000 | 00852nmc a2200313 a 4500 | ||
|---|---|---|---|
| 003 | AR-BaBNM | ||
| 005 | 20251128211012.0 | ||
| 008 | 112020s1998 ||||||||||||||000 | spa|| | ||
| 020 | _a950-753-010-X | ||
| 040 | _cAR-BaBNM | ||
| 100 | 1 | _aShakespeare, William | |
| 245 | 1 | 0 | _aRomeo y Julieta |
| 260 |
_aBuenos Aires _bCántaro Editores _c1998 |
||
| 300 | 0 |
_a155 p. _bil. |
|
| 490 | 0 |
_aColección Del Mirador _vv. 129 |
|
| 500 | 0 | _aContiene referencias bibliográficas | |
| 650 | 4 | _aLITERATURA INGLESA | |
| 650 | 4 | _aTEATRO INGLES | |
| 650 | 4 | _aRENACIMIENTO | |
| 650 | 4 | _aACTIVIDADES DE APRENDIZAJE | |
| 650 | 4 | _aANALISIS LITERARIO | |
| 650 | 4 | _aTRAGEDIA | |
| 650 | 4 | _aTEATRO CLASICO | |
| 653 | 0 | _aINFLUENCIA CLASICA | |
| 655 | _aLITERATURA | ||
| 800 | 1 |
_aMarsimian de Agosti, Silvina _edirector |
|
| 942 | _cBK | ||
| 998 | _cmartín | ||
| 999 |
_c17832 _d17832 |
||